000 00921nmm a2200289 a 4500
001 ocm000570977
003 TR-IsHL
005 20201028122850.0
008 110704s2010 tu tur
007 cr cn
020 _a9786053670513
035 _a570977
_b(N$T)
050 0 4 _aPL248.D34
_bN4 2010
090 0 4 _aPL248.D34
_bN4 2010
100 1 _aDağkılıç, A. Vahap
245 1 0 _aNe zaman kuşanacaksın kalbini
_h[electronic resource] /
_cA. Vahap Dağkılıç ; ed. İbrahim Özbay
250 _a16. bs.
260 _aİstanbul :
_bAkis Kitap,
_c2010
300 _a128 p.
650 4 _aDil ve Edebiyat
650 4 _aLanguage and Literature
650 0 _aTürk romanı
650 0 _aTurkish fiction
650 7 _aLITERARY COLLECTIONS / Middle Eastern
_2bisacsh
700 1 _aÖzbay, İbrahim
856 4 0 _uhttp://search.ebscohost.com/login.aspx?direct=true&scope=site&db=e011xww&AN=570977
999 _c2097
_d2097